Statistics for Country by Island City

Click here to take the quiz!

General Stats

  • This quiz has been taken 43 times
    (25 since last reset)
  • The average score is 22 of 44

Answer Stats

CityAnswer% Correct
Denmark
95%
NuukGreenland
95%
United States
95%
Denmark
82%
India
77%
Italy
77%
San JuanPuerto Rico
77%
Tanzania
77%
United States
77%
France
73%
China
68%
Italy
68%
Russia
68%
CagliariSardinia
68%
Spain
68%
AjaccioCorsica
64%
Croatia
64%
France
64%
Greece
64%
Netherlands
64%
HonoluluOahu
64%
CataniaSicily
64%
HeraklionCrete
59%
PalmaMajorca
59%
CopenhagenZealand
59%
HaikouHainan
55%
Equatorial Guinea
50%
KrkKrk
41%
Norway
41%
WillemstadCuracao
27%
Estonia
23%
KuchingBorneo
18%
Malaysia
18%
Saint-DenisReunion
18%
Yuzhno-SakhalinskSakhalin
18%
Malaysia
14%
KuressaareSaaremaa
14%
MalaboBioko
9%
George TownPenang
9%
MumbaiSalsette
9%
LongyearbyenSpitsbergen
9%
Brazil
5%
BrevesMarajo
5%
Zanzibar CityUguja
5%

Score Distribution

Percentile by Number Answered

Percent of People with Each Score

Your Score History

You have not taken this quiz since the last reset